<?xml version="1.0" encoding="UTF-8"?>
<record
    xmlns:xsi="http://www.w3.org/2001/XMLSchema-instance"
    xsi:schemaLocation="http://www.loc.gov/MARC21/slim http://www.loc.gov/standards/marcxml/schema/MARC21slim.xsd"
    xmlns="http://www.loc.gov/MARC21/slim">

  <leader>00888nam a22001577a 4500</leader>
  <controlfield tag="003">OSt</controlfield>
  <controlfield tag="005">20150928160431.0</controlfield>
  <controlfield tag="008">150928b        xxu||||| |||| 00| 0 eng d</controlfield>
  <datafield tag="040" ind1=" " ind2=" ">
    <subfield code="c">RUA</subfield>
  </datafield>
  <datafield tag="082" ind1=" " ind2=" ">
    <subfield code="a">AGR PEN 2013 B056 Or.1</subfield>
  </datafield>
  <datafield tag="100" ind1=" " ind2=" ">
    <subfield code="9">1499</subfield>
    <subfield code="a">PEN PILOT </subfield>
  </datafield>
  <datafield tag="245" ind1=" " ind2=" ">
    <subfield code="a">Effect of (dap and kcl) level on germination and sowing growth by rogro machine of ir66 variety in early season condition,(&#x17A5;&#x1791;&#x17D2;&#x1792;&#x17B7;&#x1796;&#x179B;&#x1780;&#x1798;&#x17D2;&#x179A;&#x17B7;&#x178F;&#x1787;&#x17B8;&#x1791;&#x17D2;&#x179A;&#x17B6;&#x1794;&#x17CB;&#x1794;&#x17B6;&#x178F;&#x178A;&#x17C1;&#x17A2;&#x17B6;&#x1794;&#x17C9;&#x17C1; &#x1793;&#x17B7;&#x1784;&#x1794;&#x17C9;&#x17BC;&#x178F;&#x17B6;&#x179F;&#x17D2;&#x1799;&#x17BC;&#x17BC;&#x1798;&#x1780;&#x17D2;&#x179B;&#x179A;&#x17BD;&#x179B;&#x17BE;&#x178A;&#x17C6;&#x178E;&#x17BB;&#x17C7;&#x1782;&#x17D2;&#x179A;&#x17B6;&#x1794;&#x17CB; &#x1793;&#x17B7;&#x1784;&#x1780;&#x17B6;&#x179A;&#x179B;&#x17BC;&#x178F;&#x179B;&#x17B6;&#x179F;&#x17CB;&#x1793;&#x17C3;&#x1796;&#x17BC;&#x1787;&#x17A2;&#x17CA;&#x17B8;&#x17A2;&#x17CA;&#x17C2;&#x179A;&#x17E6;&#x17E6;&#x1796;&#x1784;&#x17D2;&#x179A;&#x17C4;&#x17C7;&#x178A;&#x17C4;&#x1799;&#x1798;&#x17C9;&#x17B6;&#x179F;&#x17CA;&#x17B8;&#x1793; (ROGRO)&#x1780;&#x17D2;&#x1793;&#x17BB;&#x1784;&#x179B;&#x1780;&#x1781;&#x1781;&#x178E;&#x17D2;&#x178C;&#x178A;&#x17BE;&#x1798;&#x179A;&#x178A;&#x17BC;&#x179C;&#x179C;&#x179F;&#x17D2;&#x179F;&#x17B6;)</subfield>
  </datafield>
  <datafield tag="260" ind1=" " ind2=" ">
    <subfield code="a">phnom penh </subfield>
    <subfield code="b">RUA </subfield>
    <subfield code="c">2013</subfield>
  </datafield>
  <datafield tag="300" ind1=" " ind2=" ">
    <subfield code="a">xii, 49p.</subfield>
    <subfield code="b">ill.</subfield>
    <subfield code="c">29cm.</subfield>
  </datafield>
  <datafield tag="942" ind1=" " ind2=" ">
    <subfield code="2">ddc</subfield>
    <subfield code="c">AGR</subfield>
  </datafield>
  <datafield tag="999" ind1=" " ind2=" ">
    <subfield code="c">1411</subfield>
    <subfield code="d">1411</subfield>
  </datafield>
  <datafield tag="952" ind1=" " ind2=" ">
    <subfield code="0">0</subfield>
    <subfield code="1">0</subfield>
    <subfield code="2">ddc</subfield>
    <subfield code="4">0</subfield>
    <subfield code="6">AGR_PEN_2013_000000000000000_B056_OR_1</subfield>
    <subfield code="7">0</subfield>
    <subfield code="9">6169</subfield>
    <subfield code="a">LBB</subfield>
    <subfield code="b">LBB</subfield>
    <subfield code="c">B056</subfield>
    <subfield code="d">2015-09-28</subfield>
    <subfield code="o">AGR PEN 2013 B056 Or.1</subfield>
    <subfield code="p">RUA006304</subfield>
    <subfield code="r">2015-09-28</subfield>
    <subfield code="w">2015-09-28</subfield>
    <subfield code="y">AGR</subfield>
  </datafield>
  <datafield tag="952" ind1=" " ind2=" ">
    <subfield code="0">0</subfield>
    <subfield code="1">0</subfield>
    <subfield code="2">ddc</subfield>
    <subfield code="4">0</subfield>
    <subfield code="6">AGR_PEN_2013_000000000000000_B056_OR_2</subfield>
    <subfield code="7">0</subfield>
    <subfield code="9">6170</subfield>
    <subfield code="a">LBB</subfield>
    <subfield code="b">LBB</subfield>
    <subfield code="c">B056</subfield>
    <subfield code="d">2015-09-28</subfield>
    <subfield code="o">AGR PEN 2013 B056 Or.2</subfield>
    <subfield code="p">RUA005609</subfield>
    <subfield code="r">2015-09-28</subfield>
    <subfield code="w">2015-09-28</subfield>
    <subfield code="y">AGR</subfield>
  </datafield>
  <datafield tag="952" ind1=" " ind2=" ">
    <subfield code="0">0</subfield>
    <subfield code="1">0</subfield>
    <subfield code="2">ddc</subfield>
    <subfield code="4">0</subfield>
    <subfield code="6">AGR_PEN_2013_000000000000000_B056_OR_3</subfield>
    <subfield code="7">0</subfield>
    <subfield code="9">6171</subfield>
    <subfield code="a">LBB</subfield>
    <subfield code="b">LBB</subfield>
    <subfield code="c">B056</subfield>
    <subfield code="d">2015-09-28</subfield>
    <subfield code="l">1</subfield>
    <subfield code="o">AGR PEN 2013 B056 Or.3</subfield>
    <subfield code="p">RUA006758</subfield>
    <subfield code="r">2016-09-09</subfield>
    <subfield code="s">2016-08-29</subfield>
    <subfield code="w">2015-09-28</subfield>
    <subfield code="y">AGR</subfield>
  </datafield>
  <datafield tag="952" ind1=" " ind2=" ">
    <subfield code="0">0</subfield>
    <subfield code="1">0</subfield>
    <subfield code="2">ddc</subfield>
    <subfield code="4">0</subfield>
    <subfield code="6">AGR_PEN_2013_000000000000000_B056_OR_4</subfield>
    <subfield code="7">0</subfield>
    <subfield code="9">6172</subfield>
    <subfield code="a">LBB</subfield>
    <subfield code="b">LBB</subfield>
    <subfield code="c">B056</subfield>
    <subfield code="d">2015-09-28</subfield>
    <subfield code="o">AGR PEN 2013 B056 Or.4</subfield>
    <subfield code="p">RUA006688</subfield>
    <subfield code="r">2015-09-28</subfield>
    <subfield code="w">2015-09-28</subfield>
    <subfield code="y">AGR</subfield>
  </datafield>
  <datafield tag="952" ind1=" " ind2=" ">
    <subfield code="0">0</subfield>
    <subfield code="1">0</subfield>
    <subfield code="2">ddc</subfield>
    <subfield code="4">0</subfield>
    <subfield code="6">AGR_PEN_2013_000000000000000_B056_OR_5</subfield>
    <subfield code="7">0</subfield>
    <subfield code="9">6173</subfield>
    <subfield code="a">LBB</subfield>
    <subfield code="b">LBB</subfield>
    <subfield code="c">B056</subfield>
    <subfield code="d">2015-09-28</subfield>
    <subfield code="o">AGR PEN 2013 B056 Or.5</subfield>
    <subfield code="p">RUA006686</subfield>
    <subfield code="r">2015-09-28</subfield>
    <subfield code="w">2015-09-28</subfield>
    <subfield code="y">AGR</subfield>
  </datafield>
  <datafield tag="952" ind1=" " ind2=" ">
    <subfield code="0">0</subfield>
    <subfield code="1">0</subfield>
    <subfield code="2">ddc</subfield>
    <subfield code="4">0</subfield>
    <subfield code="6">AGR_PEN_2013_000000000000000_B056_OR_6</subfield>
    <subfield code="7">0</subfield>
    <subfield code="9">6174</subfield>
    <subfield code="a">LBB</subfield>
    <subfield code="b">LBB</subfield>
    <subfield code="c">B056</subfield>
    <subfield code="d">2015-09-28</subfield>
    <subfield code="l">2</subfield>
    <subfield code="m">1</subfield>
    <subfield code="o">AGR PEN 2013 B056 Or.6</subfield>
    <subfield code="p">RUA006689</subfield>
    <subfield code="r">2018-11-26</subfield>
    <subfield code="s">2018-11-13</subfield>
    <subfield code="w">2015-09-28</subfield>
    <subfield code="y">AGR</subfield>
  </datafield>
</record>
